|
|
|
|
| LEADER |
01054nam a2200337 4500 |
| 001 |
DLU090094869 |
| 005 |
##20091201 |
| 040 |
# |
# |
|a DLU
|b eng
|
| 041 |
# |
# |
|a eng
|
| 044 |
# |
# |
|a us
|
| 245 |
# |
# |
|a The roles of food and water in the bioaccumulation of organochlorine compounds in high mountain lake fish /
|c Jordi Catalan ... [et al.].
|
| 653 |
# |
# |
|a Biological accumulation
|
| 653 |
# |
# |
|a Chemical pollution
|
| 653 |
# |
# |
|a Ecotoxicology
|
| 653 |
# |
# |
|a Freshwater environment
|
| 653 |
# |
# |
|a Organic compounds
|
| 653 |
# |
# |
|a Organochlorine compounds
|
| 700 |
# |
# |
|a Catalan, Jordi.
|
| 700 |
# |
# |
|a Grimalt, Joan O.
|
| 700 |
# |
# |
|a Ventura, Marc.
|
| 700 |
# |
# |
|a Vives, Ingrid.
|
| 773 |
# |
# |
|t Environmental Science & Technology
|g Vol. 38, no. 16 (August 2004), p. 4269-4275
|
| 920 |
# |
# |
|a Phòng Tạp chí -- Trung tâm Thông tin - Thư viện Trường Đại học Đà Lạt
|
| 994 |
# |
# |
|a DLU
|
| 900 |
# |
# |
|a True
|
| 911 |
# |
# |
|a Trương Bảo Trâm Anh
|
| 925 |
# |
# |
|a G
|
| 926 |
# |
# |
|a A
|
| 927 |
# |
# |
|a BB
|
| 980 |
# |
# |
|a Thư viện Trường Đại học Đà Lạt
|